MANAGEMENT INFORMATION SYSTEM (Record no. 16258)

MARC details
000 -LEADER
fixed length control field 00295nam a22001337a 4500
003 - CONTROL NUMBER IDENTIFIER
control field SGT
020 ## - INTERNATIONAL STANDARD BOOK NUMBER
International Standard Book Number 9788180548147
082 ## - DEWEY DECIMAL CLASSIFICATION NUMBER
Classification number 658.40
Item number PRA
100 ## - MAIN ENTRY--PERSONAL NAME
Personal name PRASAD, L.M
245 ## - TITLE STATEMENT
Title MANAGEMENT INFORMATION SYSTEM
260 ## - PUBLICATION, DISTRIBUTION, ETC. (IMPRINT)
Name of publisher, distributor, etc SULTAN CHAND AND SONS
Year of Publication 2015
300 ## - PAGE DESCRIPTION
No. of Pages 617
942 ## - ADDED ENTRY ELEMENTS (KOHA)
Source of classification or shelving scheme Dewey Decimal Classification
Koha item type Books
942 ## - ADDED ENTRY ELEMENTS (KOHA)
-- 10
Holdings
Withdrawn status Lost status Source of classification or shelving scheme Damaged status Not for loan Collection code Home library Current library Shelving location Date acquired Vendor Name Cost, normal purchase price SGTU Bill Number Total Checkouts Full call number Accession No. (Barcode) Checked out Date last seen Date last borrowed Bill Date Koha item type
    Dewey Decimal Classification     COMMERCE MANAGEMENT SGT Science & Social Sciences Library SGT Science & Social Sciences Library Text Book 11/12/2018 KIRTI PRAKASHAN 375.00 SGTU IN1748 1 658.40 PRA CM4861 21/11/2024 07/11/2024 07/11/2024 11/12/2018 Books
    Dewey Decimal Classification     COMMERCE MANAGEMENT SGT Science & Social Sciences Library SGT Science & Social Sciences Library Text Book 11/12/2018 KIRTI PRAKASHAN 375.00 SGTU IN1748 1 658.40 PRA CM4862   07/11/2024 07/11/2024 11/12/2018 Books
    Dewey Decimal Classification     COMMERCE MANAGEMENT SGT Science & Social Sciences Library SGT Science & Social Sciences Library Text Book 11/12/2018 KIRTI PRAKASHAN 375.00 SGTU IN1748   658.40 PRA CM4863   11/12/2018   11/12/2018 Books
    Dewey Decimal Classification     COMMERCE MANAGEMENT SGT Science & Social Sciences Library SGT Science & Social Sciences Library Text Book 11/12/2018 KIRTI PRAKASHAN 375.00 SGTU IN1748 4 658.40 PRA CM4864   08/11/2024 08/11/2024 11/12/2018 Books
    Dewey Decimal Classification     COMMERCE MANAGEMENT SGT Science & Social Sciences Library SGT Science & Social Sciences Library Text Book 11/12/2018 KIRTI PRAKASHAN 375.00 SGTU IN1748 5 658.40 PRA CM4865   15/01/2025 30/12/2024 11/12/2018 Books